| 000 | 01645nam a22004097a 4500 | ||
|---|---|---|---|
| 001 | 0056721 | ||
| 003 | KOHA_MİRAKIL | ||
| 005 | 20260207004058.0 | ||
| 007 | ta | ||
| 008 | 160331b1997 tu a|||gr||||#||||0|tur | | ||
| 020 |
_a9758215043 _q(set) |
||
| 020 |
_a9789758215041 _q(set) 975658276x (c.1) 4756582268 _q(c.2) 9756582286 _q(c.3) _c0,01 |
||
| 040 |
_aTR-BiSEU _btur _cTR-BiSEU _erda |
||
| 041 | 0 | _atur | |
| 044 | _ctu | ||
| 050 |
_aTD312.I88 _bV35 1997 |
||
| 245 | 0 |
_aVakıf su defterleri : _bHatt-ı hümayun (1577-1804)/ _cproje ve yayın yönetmeni, Ahmet Kal'a ;Yayın Hazırlama Kurulu Ahmet Tabakoğlu ... [ve bşk.]. |
|
| 264 | 1 |
_aİstanbul : _bİstanbul Araştırmaları Merkezi _c1997 |
|
| 300 |
_a3 c. : _bresimli ; _c32 cm. |
||
| 336 |
_ametin _btxt _2rdacontent |
||
| 337 |
_aaracısız _bn _2rdamedia |
||
| 338 |
_acilt _bnc _2rdacarrier |
||
| 490 | 1 |
_aİstanbul Su Külliyatı ; _v27-29. |
|
| 490 | 1 | _aİstanbul Büyükşehir Belediyesi. | |
| 490 | 1 |
_a İstanbul Su ve Kanalizasyon İdaresi Genel Müdürlüğü yayınları ; _v44. |
|
| 500 | _aDizin var. | ||
| 500 | _aOsmanlı Cihan Devleti'nin kuruluşunun 700.yılı hatırasına. | ||
| 500 | _a(c. 1.)1842-1862. | ||
| 500 | _a(c. 2.) 1847-1872 | ||
| 500 | _a(c.3.) 1862-1876. | ||
| 650 | 0 |
_aWater-supply--Turkey--Istanbul--History--Sources. _938049 |
|
| 650 | 0 |
_aSu sağlama--Türkiye--İstanbul--Tarih--Belgeler. _938050 |
|
| 830 | 1 |
_aİstanbul Su Külliyatı ; _v27-29. _938033 |
|
| 830 | 1 |
_aİstanbul Büyükşehir Belediyesi. _930556 |
|
| 830 | 1 |
_a İstanbul Su ve Kanalizasyon İdaresi Genel Müdürlüğü yayınları ; _v44. _938035 |
|
| 942 |
_2lcc _cBK |
||
| 999 |
_c56529 _d56529 |
||